PLA Modernisation and Force Restructuring/ (Record no. 203760)

MARC details
000 -LEADER
fixed length control field 00572nam a22001817a 4500
005 - DATE AND TIME OF LATEST TRANSACTION
control field 20240626165516.0
010 ## - LCCN (DPL NO)
LC control number ENG-140721
020 ## - INTERNATIONAL STANDARD BOOK NUMBER
International Standard Book Number 9789391490720
Terms of availability 1680.00
035 ## - SYSTEM CONTROL NUMBER
System control number EN-124253
037 ## - SOURCE OF ACQUISITION
Source of stock number/acquisition DBAD
082 ## - DEWEY DECIMAL CLASSIFICATION NUMBER
Classification number 355.033551
100 ## - MAIN ENTRY--PERSONAL NAME
Personal name Sehgal Vivek
245 00 - TITLE STATEMENT
Title PLA Modernisation and Force Restructuring/
Statement of responsibility, etc by Vivek Sehgal
260 ## - PUBLICATION, DISTRIBUTION, ETC. (IMPRINT)
Place of publication, distribution, etc New Delhi
Name of publisher, distributor, etc KW Publishers
Date of publication, distribution, etc 2023
270 ## - ADDRESS
Address 4676/21, First Floor, Ansari Road, Daryaganj,
City New Delhi
Postal code 110002
300 ## - PHYSICAL DESCRIPTION
Extent xi,296p.
Dimensions 24cm(Hb)
Other physical details ill.
942 ## - ADDED ENTRY ELEMENTS (KOHA)
Source of classification or shelving scheme Dewey Decimal Classification
Item type English Books
Classification part 355.033551
Call number suffix SEH
Holdings
Withdrawn status Lost status Not for loan Collection code Home library Current library Date acquired Source of acquisition Cost, normal purchase price Full call number Barcode Copy number Cost, replacement price Koha item type
      Non-fiction Central Jail Tihar Central Jail Tihar 26/06/2024 DBAD 1680.00 355.033551 SEH EN-124253 1 1680.00 English Books

© Delhi Public Library
Hit Counter
free hit counter